| 000 | 00532nam a22001937a 4500 | ||
|---|---|---|---|
| 999 |
_c189251 _d189251 |
||
| 005 | 20220623101137.0 | ||
| 010 | _avivek | ||
| 020 |
_a9780723436973 _c1750.00 |
||
| 037 | _aElsevier Mosby | ||
| 100 | _aPeter H. Abrahams | ||
| 245 |
_aClinical Atlas of Human Anathomy/ _cPeter H. Abrahams |
||
| 260 |
_aChina _bElsevier Mosby |
||
| 300 |
_ax,387p. _bill. _c27.5cm(Pb). |
||
| 500 | _aindex | ||
| 700 | _aJonathan D. Spratt | ||
| 700 | _aMarios Loukas | ||
| 700 | _aAlbert N. Van Schoor | ||
| 942 |
_2ddc _cEN _eSeventh Edition _kABR |
||